Klicke die spanischen Städte auf einer Karte - Statistiken

Allgemein
  • Dieses Quiz wurde 83 mal gespielt
  • Das Durchschnittsergebnis liegt bei 13 aus 19
Antworten auf der Karte
Die Antworten werden auf der Karte rot bzw. grün angezeigt, abhängig davon wie oft sie richtig erraten wurden.
 
Antwortstatistiken
Antwort % Korrekt
Barcelona
97%
Palma
97%
Madrid
94%
Málaga
83%
Bilbao
71%
Valencia
67%
Valladolid
65%
Badajoz
64%
Murcia
64%
A Coruña
62%
Granada
61%
Córdoba
59%
Pamplona
59%
Saragossa
59%
Sevilla
58%
Albacete
56%
Vigo
53%
Oviedo
50%
Salamanca
39%
Keine übereinstimmenden Quizze gefunden
Verteilung der Resultate
Anzahl Personen mit jedem Resultat
Perzentil nach korrekt beantworteten Fragen
Ihre Resultats-Entwicklung
Sie haben dieses Quiz noch nicht gespielt